| 000 | 01235nam a2200373 a 4500 | ||
|---|---|---|---|
| 001 | 60036 | ||
| 003 | CO-BoRNBP | ||
| 005 | 20251119214638.0 | ||
| 007 | ta | ||
| 008 | 110905s2011 ck a gr 0001pdspa d | ||
| 020 | _a9789589920657 (obra completa) | ||
| 020 | _a9789589920664 (v.1) | ||
| 020 | _a9789589920671 (v.2) | ||
| 040 |
_aCO-BoBLA _bspa _cCO-BoBLA |
||
| 041 | 0 | _aspa | |
| 082 | 0 | 4 |
_a808 _bJ17m1 _221 |
| 100 | 1 |
_aJaramillo Escobar, Jaime, _d1932- |
|
| 245 | 1 | 0 |
_aMétodo fácil y rápido para ser poeta / _cJaime Jaramillo Escobar. |
| 250 | _a1a. edición | ||
| 300 |
_a2 v. ; _c18 cm. |
||
| 336 |
_2rdacontent _atexto _btxt |
||
| 337 |
_2rdamedia _asin mediación _bn |
||
| 338 |
_2rdacarrier _avolumen _bnc |
||
| 490 | 0 | _aColección creación | |
| 505 | 0 | _av.1 Desde Ser poeta hasta Despedida. -- v.2 Desde Iniciación poética hasta Anejo III. | |
| 650 | 7 |
_aPoética. _2BLAAUTO _915199 |
|
| 650 | 7 |
_aArte de escribir. _2BLAAUTO _922899 |
|
| 650 | 7 |
_aPreceptiva literaria. _2BLAAUTO |
|
| 650 | 7 |
_aPromoción de la escritura. _2BLAAUTO _927426 |
|
| 650 | 7 |
_aComprensión de lectura. _2BLAAUTO _97783 |
|
| 830 | 0 | _aPrograma de catalogación en la publicación | |
| 942 |
_2ddc _cBK |
||
| 949 |
_ac _bn |
||
| 999 |
_c60036 _d60036 |
||